[Event "23rd ETCC Women 2021"]
[Site "Catez"]
[Date "2021.11.13"]
[Round "2.49"]
[White "Toma, Katarzyna"]
[Black "Hagarova, Zuzana"]
[Result "0-1"]
[WhiteElo "2261"]
[BlackElo "2292"]
[Annotator "NA"]
[PlyCount "88"]
[EventDate "2021.11.08"]
[EventType "team-tourn"]
[EventCountry "SLO"]
[SourceTitle "playchess.com"]
[Source "ChessBase"]
[SourceQuality "1"]
[WhiteTeam "England"]
[BlackTeam "Slovakia"]
[WhiteTeamCountry "ENG"]
[BlackTeamCountry "SVK"]
[TimeControl "40/5400+30:1800+30"]

1. e4 {[%emt 0:00:03]} c5 {[%emt 0:00:12]} 2. Nf3 {[%emt 0:00:08]} d6 {[%emt 0:
00:09]} 3. Bb5+ {[%emt 0:00:23]} Nd7 {[%emt 0:00:33]} 4. O-O {[%emt 0:00:37]}
Ngf6 {[%emt 0:01:06]} 5. Re1 {[%emt 0:00:31]} a6 {[%emt 0:01:15]} 6. Bd3 {
[%emt 0:00:27]} e6 {[%emt 0:08:56]} 7. c3 {[%emt 0:01:20]} b5 {[%emt 0:01:27]}
8. Bc2 {[%emt 0:00:52]} Bb7 {[%emt 0:16:21]} 9. d4 {[%emt 0:06:14]} Be7 {
[%emt 0:00:52]} 10. Nbd2 {[%emt 0:07:45]} cxd4 {[%emt 0:16:00]} 11. cxd4 {
[%emt 0:01:47]} Rc8 {[%emt 0:00:27]} 12. e5 {[%emt 0:18:53]} dxe5 {[%emt 0:21:
21]} 13. dxe5 {[%emt 0:00:06]} Ng4 {[%emt 0:00:24]} 14. Be4 {[%emt 0:14:15]}
Bxe4 {[%emt 0:01:33]} 15. Rxe4 {[%emt 0:00:09]} h5 {[%emt 0:03:36]} 16. h3 {
[%emt 0:06:09]} Nh6 {[%emt 0:03:07]} 17. Nb3 {[%emt 0:03:21]} Nf5 {[%emt 0:02:
43]} 18. Bd2 {[%emt 0:04:54]} Nc5 {[%emt 0:00:40]} 19. Nxc5 {[%emt 0:00:34]}
Rxc5 {[%emt 0:04:32]} 20. Rc1 {[%emt 0:07:33]} Rxc1 {[%emt 0:05:50]} 21. Qxc1 {
[%emt 0:00:08]} O-O {[%emt 0:00:13]} 22. Qc2 {[%emt 0:10:13]} Qd5 {[%emt 0:00:
58]} 23. g4 {[%emt 0:02:04]} hxg4 {[%emt 0:02:34]} 24. hxg4 {[%emt 0:00:04]}
Nh6 {[%emt 0:00:17]} 25. Kg2 {[%emt 0:06:56]} f5 {[%emt 0:03:53]} 26. Rd4 {
[%emt 0:00:24]} Qc5 {[%emt 0:00:20]} 27. Qb3 {[%emt 0:01:28]} fxg4 {[%emt 0:00:
43]} 28. Qxe6+ {[%emt 0:00:54]} Kh8 {[%emt 0:01:04]} 29. Bxh6 {[%emt 0:02:57]}
gxf3+ {[%emt 0:00:31]} 30. Kh3 {[%emt 0:00:06]} Qxd4 {[%emt 0:01:24]} 31. Qxe7
{[%emt 0:00:44]} Rg8 {[%emt 0:00:58]} 32. Be3 {[%emt 0:03:15]} Qe4 {[%emt 0:00:
37]} 33. Kg3 {[%emt 0:00:59]} Rc8 {[%emt 0:01:30]} 34. Qg5 {[%emt 0:00:43]} Kg8
{[%emt 0:00:45]} 35. Bf4 {[%emt 0:00:26]} Rf8 {[%emt 0:00:30]} 36. Qg4 {
[%emt 0:00:21]} Qf5 {[%emt 0:00:27]} 37. Qh4 {[%emt 0:00:46]} Qg6+ {[%emt 0:00:
31]} 38. Kxf3 {[%emt 0:00:26]} Qd3+ {[%emt 0:00:23]} 39. Kg2 {[%emt 0:00:12]}
Qd5+ {[%emt 0:00:22]} 40. Kh2 {[%emt 0:00:44]} Qxa2 {[%emt 0:00:49]} 41. Qg4 {
[%emt 0:06:01]} Qc4 {[%emt 0:05:44]} 42. Kg3 {[%emt 0:00:41]} a5 {[%emt 0:02:
11]} 43. Qg5 {[%emt 0:08:37]} b4 {[%emt 0:04:27]} 44. Be3 {[%emt 0:04:24]} Qe4
{[%emt 0:03:29]} 0-1

[Event "23rd ETCC Women 2021"]
[Site "Catez"]
[Date "2021.11.13"]
[Round "2.50"]
[White "Sucikova, Svetlana"]
[Black "Head, Louise"]
[Result "1-0"]
[WhiteElo "2197"]
[BlackElo "2069"]
[Annotator "NA"]
[PlyCount "110"]
[EventDate "2021.11.08"]
[EventType "team-tourn"]
[EventCountry "SLO"]
[SourceTitle "playchess.com"]
[Source "ChessBase"]
[SourceQuality "1"]
[WhiteTeam "Slovakia"]
[BlackTeam "England"]
[WhiteTeamCountry "SVK"]
[BlackTeamCountry "ENG"]
[TimeControl "40/5400+30:1800+30"]

1. c4 {[%emt 0:00:40]} c6 {[%emt 0:00:31]} 2. Nc3 {[%emt 0:03:56]} d5 {[%emt 0:
01:03]} 3. e3 {[%emt 0:01:30]} Nf6 {[%emt 0:00:36]} 4. d4 {[%emt 0:06:25]} a6 {
[%emt 0:04:14]} 5. b3 {[%emt 0:08:05]} Bf5 {[%emt 0:00:57]} 6. Bb2 {[%emt 0:01:
29]} e6 {[%emt 0:00:33]} 7. Nf3 {[%emt 0:01:08]} Nbd7 {[%emt 0:02:31]} 8. Be2 {
[%emt 0:01:19]} Bd6 {[%emt 0:09:21]} 9. O-O {[%emt 0:01:17]} O-O {[%emt 0:05:
40]} 10. Nh4 {[%emt 0:09:19]} Be4 {[%emt 0:17:21]} 11. g3 {[%emt 0:15:16]} h6 {
[%emt 0:04:06]} 12. Nxe4 {[%emt 0:04:46]} dxe4 {[%emt 0:02:22]} 13. Qc2 {
[%emt 0:00:32]} Re8 {[%emt 0:08:50]} 14. Rad1 {[%emt 0:01:40]} Rc8 {[%emt 0:05:
08]} 15. f3 {[%emt 0:04:15]} exf3 {[%emt 0:02:04]} 16. Bxf3 {[%emt 0:00:10]}
Qc7 {[%emt 0:08:45]} 17. Qf2 {[%emt 0:09:51]} Bf8 {[%emt 0:05:12]} 18. Bg2 {
[%emt 0:01:44]} e5 {[%emt 0:01:59]} 19. Kh1 {[%emt 0:02:12]} e4 {[%emt 0:05:26]
} 20. Bh3 {[%emt 0:00:38]} Rcd8 {[%emt 0:00:40]} 21. Nf5 {[%emt 0:00:56]} Kh7 {
[%emt 0:06:30]} 22. Ba1 {[%emt 0:03:54]} g6 {[%emt 0:01:02]} 23. d5 cxd5 {
[%emt 0:00:33]} 24. cxd5 {[%emt 0:06:03]} Ne5 {[%emt 0:00:33]} 25. d6 {[%emt 0:
01:51]} Qc5 {[%emt 0:03:54]} 26. b4 {[%emt 0:01:40]} Qb6 {[%emt 0:01:47]} 27.
Bxe5 {[%emt 0:04:23]} Rxe5 {[%emt 0:00:21]} 28. Nxh6 {[%emt 0:00:03]} Bxh6 {
[%emt 0:01:05]} 29. Qxf6 {[%emt 0:00:06]} Rh5 {[%emt 0:00:52]} 30. Qxf7+ {
[%emt 0:02:45]} Bg7 {[%emt 0:00:13]} 31. Qe6 {[%emt 0:03:28]} Re5 {[%emt 0:00:
32]} 32. Qb3 {[%emt 0:02:27]} Rxd6 {[%emt 0:00:07]} 33. Rxd6 {[%emt 0:00:06]}
Qxd6 {[%emt 0:00:03]} 34. Rd1 {[%emt 0:00:05]} Qf6 {[%emt 0:00:13]} 35. Rf1 {
[%emt 0:01:27]} Qd8 {[%emt 0:00:22]} 36. Rf4 {[%emt 0:00:42]} Rh5 {[%emt 0:00:
14]} 37. Bg2 {[%emt 0:01:37]} Qd2 {[%emt 0:00:06]} 38. Rf1 {[%emt 0:01:06]} Qd6
{[%emt 0:00:49]} 39. Kg1 {[%emt 0:00:29]} Rb5 {[%emt 0:02:18]} 40. a3 {[%emt 0:
00:27]} a5 {[%emt 0:00:34]} 41. Rf4 {[%emt 0:02:28]} Rf5 {[%emt 0:10:27]} 42.
Bxe4 {[%emt 0:06:25]} Rxf4 {[%emt 0:01:40]} 43. gxf4 {[%emt 0:00:09]} axb4 {
[%emt 0:00:28]} 44. axb4 {[%emt 0:00:48]} b6 {[%emt 0:07:28]} 45. Qc2 {[%emt 0:
05:52]} Bf8 {[%emt 0:03:56]} 46. b5 {[%emt 0:02:26]} Kh6 {[%emt 0:01:05]} 47.
Kf2 {[%emt 0:02:41]} Be7 {[%emt 0:00:47]} 48. h3 {[%emt 0:01:14]} Bh4+ {
[%emt 0:02:17]} 49. Kg2 {[%emt 0:00:11]} Qb4 {[%emt 0:04:39]} 50. Kh2 {[%emt 0:
06:17]} Qxb5 {[%emt 0:00:47]} 51. Bxg6 {[%emt 0:01:33]} Qd5 {[%emt 0:02:18]}
52. Be4 {[%emt 0:00:21]} Qe6 {[%emt 0:00:30]} 53. Qg2 {[%emt 0:01:43]} b5 {
[%emt 0:00:26]} 54. Bc2 {[%emt 0:00:28]} b4 {[%emt 0:00:32]} 55. Qg4 {[%emt 0:
00:13]} Qxg4 {[%emt 0:00:44]} 1-0

[Event "23rd ETCC Women 2021"]
[Site "Catez"]
[Date "2021.11.13"]
[Round "2.51"]
[White "Bayat, Shohreh"]
[Black "Mrvova, Alena"]
[Result "0-1"]
[WhiteElo "2091"]
[BlackElo "2174"]
[Annotator "NA"]
[PlyCount "58"]
[EventDate "2021.11.08"]
[EventType "team-tourn"]
[EventCountry "SLO"]
[SourceTitle "playchess.com"]
[Source "ChessBase"]
[SourceQuality "1"]
[WhiteTeam "England"]
[BlackTeam "Slovakia"]
[WhiteTeamCountry "ENG"]
[BlackTeamCountry "SVK"]
[TimeControl "40/5400+30:1800+30"]

1. e4 {[%emt 0:00:03]} c5 {[%emt 0:00:28]} 2. Nf3 {[%emt 0:00:05]} Nc6 {
[%emt 0:00:31]} 3. Bb5 {[%emt 0:00:16]} e6 {[%emt 0:00:35]} 4. Bxc6 {[%emt 0:
01:34]} bxc6 {[%emt 0:00:33]} 5. e5 {[%emt 0:00:29]} Ne7 {[%emt 0:01:50]} 6.
O-O {[%emt 0:01:52]} d6 {[%emt 0:02:54]} 7. exd6 {[%emt 0:00:28]} Ng6 {[%emt 0:
00:10]} 8. Na3 {[%emt 0:06:23]} Bxd6 {[%emt 0:02:01]} 9. Nc4 {[%emt 0:00:27]}
Bc7 {[%emt 0:00:29]} 10. Qe2 {[%emt 0:08:17]} O-O {[%emt 0:03:40]} 11. d3 {
[%emt 0:05:10]} Qd5 {[%emt 0:03:55]} 12. Qe4 {[%emt 0:06:27]} f5 {[%emt 0:02:
37]} 13. Qxd5 {[%emt 0:04:25]} cxd5 {[%emt 0:00:12]} 14. Na3 {[%emt 0:00:50]}
Rb8 {[%emt 0:02:12]} 15. c4 {[%emt 0:02:51]} Bd7 {[%emt 0:03:49]} 16. b3 {
[%emt 0:09:47]} d4 {[%emt 0:04:03]} 17. Nc2 {[%emt 0:05:52]} e5 {[%emt 0:01:58]
} 18. Rb1 {[%emt 0:09:22]} Bd6 {[%emt 0:02:56]} 19. Nfe1 {[%emt 0:06:21]} Bc6 {
[%emt 0:04:52]} 20. f3 {[%emt 0:02:57]} e4 {[%emt 0:03:36]} 21. fxe4 {[%emt 0:
00:09]} fxe4 {[%emt 0:00:05]} 22. Rxf8+ {[%emt 0:00:29]} Rxf8 {[%emt 0:00:13]}
23. Ba3 {[%emt 0:04:43]} Nf4 {[%emt 0:01:20]} 24. Kf2 {[%emt 0:05:26]} Nxd3+ {
[%emt 0:03:47]} 25. Ke2 {[%emt 0:01:41]} Rf2+ {[%emt 0:00:42]} 26. Kd1 {
[%emt 0:00:01]} Nxe1 {[%emt 0:00:47]} 27. Nxe1 {[%emt 0:02:11]} Rxa2 {[%emt 0:
00:48]} 28. Bb2 {[%emt 0:00:37]} Bxh2 {[%emt 0:00:30]} 29. b4 {[%emt 0:00:07]}
Ba4+ {[%emt 0:00:07]} 0-1

[Event "23rd ETCC Women 2021"]
[Site "Catez"]
[Date "2021.11.13"]
[Round "2.52"]
[White "Motycakova, Monika"]
[Black "Varney, Zoe"]
[Result "1/2-1/2"]
[WhiteElo "2119"]
[BlackElo "1955"]
[Annotator "NA"]
[PlyCount "103"]
[EventDate "2021.11.08"]
[EventType "team-tourn"]
[EventCountry "SLO"]
[SourceTitle "playchess.com"]
[Source "ChessBase"]
[SourceQuality "1"]
[WhiteTeam "Slovakia"]
[BlackTeam "England"]
[WhiteTeamCountry "SVK"]
[BlackTeamCountry "ENG"]
[TimeControl "40/5400+30:1800+30"]

1. e4 {[%emt 0:00:05]} e5 {[%emt 0:00:07]} 2. Nf3 {[%emt 0:00:10]} Nc6 {
[%emt 0:00:15]} 3. Bb5 {[%emt 0:00:06]} a6 {[%emt 0:00:06]} 4. Ba4 {[%emt 0:00:
08]} Nf6 {[%emt 0:00:07]} 5. O-O {[%emt 0:00:42]} Be7 {[%emt 0:00:09]} 6. Re1 {
[%emt 0:01:16]} b5 {[%emt 0:00:15]} 7. Bb3 {[%emt 0:00:02]} O-O {[%emt 0:00:13]
} 8. a4 {[%emt 0:00:31]} Bb7 {[%emt 0:00:40]} 9. d3 {[%emt 0:00:32]} d6 {
[%emt 0:00:31]} 10. Nbd2 {[%emt 0:01:12]} Nd7 {[%emt 0:00:52]} 11. c3 {[%emt 0:
01:07]} Nc5 {[%emt 0:00:54]} 12. axb5 {[%emt 0:00:24]} axb5 {[%emt 0:00:31]}
13. Rxa8 {[%emt 0:00:23]} Qxa8 {[%emt 0:00:15]} 14. Bc2 {[%emt 0:00:06]} b4 {
[%emt 0:01:10]} 15. d4 {[%emt 0:02:37]} bxc3 {[%emt 0:01:13]} 16. bxc3 {
[%emt 0:00:24]} Nd7 {[%emt 0:00:28]} 17. Nf1 {[%emt 0:01:28]} Qa1 {[%emt 0:02:
02]} 18. Ne3 {[%emt 0:02:53]} Bf6 {[%emt 0:02:17]} 19. Nd5 {[%emt 0:21:05]}
exd4 {[%emt 0:02:08]} 20. Nxf6+ {[%emt 0:03:26]} Nxf6 {[%emt 0:00:09]} 21. cxd4
{[%emt 0:00:07]} Nb4 {[%emt 0:01:58]} 22. d5 {[%emt 0:07:14]} Re8 {[%emt 0:06:
11]} 23. Re3 {[%emt 0:11:24]} Nxc2 {[%emt 0:28:29]} 24. Qxc2 {[%emt 0:00:17]}
Nxe4 {[%emt 0:18:37]} 25. Ng5 {[%emt 0:21:45]} Bxd5 {[%emt 0:05:54]} 26. Nxe4 {
[%emt 0:06:17]} Rxe4 {[%emt 0:10:03]} 27. Qxc7 {[%emt 0:02:58]} h6 {[%emt 0:05:
31]} 28. Rxe4 {[%emt 0:04:23]} Bxe4 {[%emt 0:03:42]} 29. h3 {[%emt 0:03:28]}
Qb1 {[%emt 0:05:02]} 30. Kh2 {[%emt 0:02:13]} Qd3 {[%emt 0:01:36]} 31. Bb2 {
[%emt 0:04:03]} Qd2 {[%emt 0:02:10]} 32. Qc8+ {[%emt 0:00:37]} Kh7 {[%emt 0:00:
05]} 33. Qc3 {[%emt 0:00:03]} Qf4+ {[%emt 0:01:32]} 34. Qg3 {[%emt 0:00:50]}
Qxg3+ {[%emt 0:01:10]} 35. Kxg3 {[%emt 0:00:05]} g5 {[%emt 0:00:14]} 36. f3 {
[%emt 0:01:33]} Bd3 {[%emt 0:00:12]} 37. h4 {[%emt 0:00:14]} Kg6 {[%emt 0:00:
30]} 38. hxg5 {[%emt 0:00:32]} hxg5 {[%emt 0:00:18]} 39. f4 {[%emt 0:01:50]}
Be4 {[%emt 0:00:39]} 40. Ba3 {[%emt 0:01:17]} d5 {[%emt 0:00:38]} 41. fxg5 {
[%emt 0:02:45]} Kxg5 {[%emt 0:00:28]} 42. Bb2 {[%emt 0:03:30]} Kf5 {[%emt 0:01:
50]} 43. Bc3 {[%emt 0:02:21]} Bc2 {[%emt 0:02:53]} 44. Kf3 {[%emt 0:01:02]}
Be4+ {[%emt 0:01:44]} 45. Kg3 {[%emt 0:01:06]} Bxg2 {[%emt 0:06:41]} 46. Kxg2 {
[%emt 0:00:23]} Ke4 {[%emt 0:00:10]} 47. Bf6 {[%emt 0:06:48]} Ke3 {[%emt 0:04:
05]} 48. Kg3 {[%emt 0:00:31]} Ke4 {[%emt 0:02:22]} 49. Kg4 {[%emt 0:00:22]} d4
{[%emt 0:00:16]} 50. Bxd4 {[%emt 0:00:49]} f5+ {[%emt 0:00:18]} 51. Kg5 {
[%emt 0:00:07]} Kxd4 {[%emt 0:00:15]} 52. Kxf5 {[%emt 0:00:08]} 1/2-1/2

[Event "23rd ETCC Women 2021"]
[Site "Catez"]
[Date "2021.11.13"]
[Round "2.53"]
[White "Tsolakidou, Stavroula"]
[Black "Novkovic, Julia"]
[Result "1-0"]
[WhiteElo "2377"]
[BlackElo "2082"]
[Annotator "NA"]
[PlyCount "59"]
[EventDate "2021.11.08"]
[EventType "team-tourn"]
[EventCountry "SLO"]
[SourceTitle "playchess.com"]
[Source "ChessBase"]
[SourceQuality "1"]
[WhiteTeam "Greece"]
[BlackTeam "Austria"]
[WhiteTeamCountry "GRE"]
[BlackTeamCountry "AUT"]
[TimeControl "40/5400+30:1800+30"]

1. d4 {[%emt 0:00:04]} d5 {[%emt 0:00:12]} 2. c4 {[%emt 0:00:16]} dxc4 {
[%emt 0:00:05]} 3. e4 {[%emt 0:01:06]} Nf6 {[%emt 0:00:17]} 4. e5 {[%emt 0:00:
31]} Nd5 {[%emt 0:00:06]} 5. Bxc4 {[%emt 0:00:08]} Nc6 {[%emt 0:01:47]} 6. Ne2
{[%emt 0:12:39]} Nb6 {[%emt 0:00:45]} 7. Bd3 {[%emt 0:00:35]} e6 {[%emt 0:07:
20]} 8. Nbc3 {[%emt 0:03:10]} Bd7 {[%emt 0:02:20]} 9. a3 {[%emt 0:05:39]} Ne7 {
[%emt 0:06:51]} 10. O-O {[%emt 0:05:53]} Ned5 {[%emt 0:05:17]} 11. Ne4 {
[%emt 0:16:10]} Bc6 {[%emt 0:06:26]} 12. Qc2 {[%emt 0:04:56]} Be7 {[%emt 0:17:
29]} 13. Bd2 {[%emt 0:09:54]} a5 {[%emt 0:06:11]} 14. Rac1 {[%emt 0:08:20]} Nd7
{[%emt 0:09:48]} 15. Qb1 {[%emt 0:06:56]} Qb8 {[%emt 0:04:24]} 16. b4 {[%emt 0:
01:08]} axb4 {[%emt 0:01:27]} 17. axb4 {[%emt 0:00:04]} N5b6 {[%emt 0:06:18]}
18. b5 {[%emt 0:01:16]} Bd5 {[%emt 0:00:05]} 19. Nf4 {[%emt 0:02:13]} Ra4 {
[%emt 0:05:00]} 20. Be3 {[%emt 0:06:53]} Rb4 {[%emt 0:02:44]} 21. Qc2 {[%emt 0:
02:39]} Bxe4 {[%emt 0:10:18]} 22. Bxe4 {[%emt 0:00:08]} Nc4 {[%emt 0:03:07]}
23. Nd3 {[%emt 0:01:32]} Nxe3 {[%emt 0:00:18]} 24. fxe3 {[%emt 0:00:15]} Rxb5 {
[%emt 0:00:31]} 25. Qxc7 {[%emt 0:01:06]} Bd8 {[%emt 0:02:03]} 26. Qxb8 {
[%emt 0:04:45]} Nxb8 {[%emt 0:00:01]} 27. Nc5 {[%emt 0:00:13]} Bg5 {[%emt 0:01:
17]} 28. Rc3 {[%emt 0:00:48]} b6 {[%emt 0:00:40]} 29. Nxe6 {[%emt 0:01:04]}
fxe6 {[%emt 0:01:05]} 30. Rc8+ {[%emt 0:00:04]} 1-0

[Event "23rd ETCC Women 2021"]
[Site "Catez"]
[Date "2021.11.14"]
[Round "2.54"]
[White "Hapala, Elisabeth"]
[Black "Avramidou, Anastasia"]
[Result "0-1"]
[WhiteElo "2139"]
[BlackElo "2217"]
[Annotator "ChessBase"]
[PlyCount "100"]
[EventDate "2021.11.08"]
[EventType "team-tourn"]
[EventCountry "SLO"]
[SourceTitle "playchess.com"]
[Source "ChessBase"]
[SourceQuality "1"]
[WhiteTeam "Austria"]
[BlackTeam "Greece"]
[WhiteTeamCountry "AUT"]
[BlackTeamCountry "GRE"]
[TimeControl "40/5400+30:1800+30"]

1. e4 {[%emt 0:00:01]} c5 {[%emt 0:00:06]} 2. Nf3 {[%emt 0:00:04]} d6 {[%emt 0:
00:08]} 3. d4 {[%emt 0:00:03]} cxd4 {[%emt 0:00:09]} 4. Nxd4 {[%emt 0:00:03]}
Nf6 {[%emt 0:00:09]} 5. Nc3 {[%emt 0:00:04]} Nc6 {[%emt 0:00:09]} 6. Bg5 {
[%emt 0:00:18]} g6 {[%emt 0:00:08]} 7. Bxf6 {[%emt 0:19:45]} exf6 {[%emt 0:00:
13]} 8. Bb5 {[%emt 0:00:08]} Bd7 {[%emt 0:00:08]} 9. Nd5 {[%emt 0:06:17]} Bg7 {
[%emt 0:04:37]} 10. c3 {[%emt 0:07:42]} O-O {[%emt 0:09:17]} 11. O-O {[%emt 0:
01:01]} Re8 {[%emt 0:06:29]} 12. Qd3 {[%emt 0:12:51]} f5 {[%emt 0:18:40]} 13.
exf5 {[%emt 0:03:28]} Nxd4 {[%emt 0:02:20]} 14. cxd4 {[%emt 0:04:09]} Bxf5 {
[%emt 0:00:10]} 15. Qb3 {[%emt 0:03:50]} Rf8 {[%emt 0:07:49]} 16. Ne3 {[%emt 0:
06:00]} Be4 {[%emt 0:05:19]} 17. Rfd1 {[%emt 0:08:57]} Qg5 {[%emt 0:04:14]} 18.
Bc4 {[%emt 0:02:04]} Rac8 {[%emt 0:08:35]} 19. Bd5 {[%emt 0:01:51]} Bxd5 {
[%emt 0:08:46]} 20. Nxd5 {[%emt 0:00:01]} b6 {[%emt 0:00:15]} 21. g3 {[%emt 0:
03:55]} Rfe8 {[%emt 0:03:40]} 22. Ne3 {[%emt 0:03:07]} Re4 {[%emt 0:01:51]} 23.
d5 {[%emt 0:05:01]} h5 {[%emt 0:03:58]} 24. Rac1 {[%emt 0:01:18]} Rce8 {
[%emt 0:04:17]} 25. Rc4 {[%emt 0:05:44]} h4 {[%emt 0:05:56]} 26. Rxe4 {[%emt 0:
01:56]} Rxe4 {[%emt 0:00:06]} 27. Qc2 {[%emt 0:02:39]} Qe7 {[%emt 0:01:36]} 28.
Rd3 {[%emt 0:01:30]} Bd4 {[%emt 0:02:09]} 29. Qc1 {[%emt 0:00:25]} Qe5 {
[%emt 0:01:25]} 30. b3 {[%emt 0:00:36]} hxg3 {[%emt 0:01:15]} 31. hxg3 {
[%emt 0:00:11]} Bxe3 {[%emt 0:00:28]} 32. Rxe3 {[%emt 0:00:02]} Rxe3 {[%emt 0:
00:33]} 33. Qxe3 {[%emt 0:00:31]} Qxe3 {[%emt 0:00:31]} 34. fxe3 {[%emt 0:00:
01]} Kg7 {[%emt 0:00:06]} 35. Kf2 {[%emt 0:00:28]} Kf6 {[%emt 0:01:01]} 36. e4
{[%emt 0:01:49]} Ke5 {[%emt 0:00:05]} 37. Ke3 {[%emt 0:00:20]} f5 {[%emt 0:00:
44]} 38. exf5 {[%emt 0:00:16]} Kxf5 {[%emt 0:01:26]} 39. Kf3 {[%emt 0:00:36]}
Ke5 {[%emt 0:00:11]} 40. Kg4 {[%emt 0:00:15]} Kxd5 {[%emt 0:00:04]} 41. Kg5 {
[%emt 0:30:08]} Ke4 {[%emt 0:30:05]} 42. Kxg6 {[%emt 0:00:00]} d5 {[%emt 0:00:
00]} 43. g4 {[%emt 0:00:00]} d4 {[%emt 0:00:00]} 44. g5 {[%emt 0:00:00]} d3 {
[%emt 0:00:00]} 45. Kf7 {[%emt 0:00:00]} d2 {[%emt 0:00:00]} 46. g6 {[%emt 0:
00:00]} d1=Q {[%emt 0:00:00]} 47. g7 {[%emt 0:00:00]} Qd5+ {[%emt 0:00:00]} 48.
Kf8 {[%emt 0:00:00]} Qf5+ {[%emt 0:00:00]} 49. Ke7 {[%emt 0:00:00]} Qg6 {
[%emt 0:00:00]} 50. Kf8 {[%emt 0:00:00]} Qf6+ {[%emt 0:00:00]} 0-1

[Event "23rd ETCC Women 2021"]
[Site "Catez"]
[Date "2021.11.14"]
[Round "2.55"]
[White "Pavlidou, Ekaterini"]
[Black "Teuschler, Barbara"]
[Result "1/2-1/2"]
[WhiteElo "2172"]
[BlackElo "2115"]
[Annotator "ChessBase"]
[PlyCount "87"]
[EventDate "2021.11.08"]
[EventType "team-tourn"]
[EventCountry "SLO"]
[SourceTitle "playchess.com"]
[Source "ChessBase"]
[SourceQuality "1"]
[WhiteTeam "Greece"]
[BlackTeam "Austria"]
[WhiteTeamCountry "GRE"]
[BlackTeamCountry "AUT"]
[TimeControl "40/5400+30:1800+30"]

1. d4 {[%emt 0:00:18]} d5 {[%emt 0:00:02]} 2. c4 {[%emt 0:00:22]} dxc4 {
[%emt 0:00:02]} 3. Nf3 {[%emt 0:00:17]} Nf6 {[%emt 0:00:13]} 4. e3 {[%emt 0:00:
15]} Bg4 {[%emt 0:00:03]} 5. Bxc4 {[%emt 0:00:20]} e6 {[%emt 0:00:03]} 6. h3 {
[%emt 0:00:48]} Bh5 {[%emt 0:00:08]} 7. Nc3 {[%emt 0:00:32]} Nc6 {[%emt 0:00:
48]} 8. g4 {[%emt 0:06:32]} Bg6 {[%emt 0:00:05]} 9. Bb5 {[%emt 0:05:53]} Bd6 {
[%emt 0:03:20]} 10. Qa4 {[%emt 0:04:18]} O-O {[%emt 0:03:58]} 11. a3 {[%emt 0:
15:25]} Ne4 {[%emt 0:08:39]} 12. Nd2 {[%emt 0:06:45]} f5 {[%emt 0:08:51]} 13.
Bxc6 {[%emt 0:11:28]} bxc6 {[%emt 0:00:38]} 14. Ndxe4 {[%emt 0:07:00]} fxe4 {
[%emt 0:00:05]} 15. Bd2 {[%emt 0:00:51]} Rb8 {[%emt 0:08:29]} 16. O-O-O {
[%emt 0:02:47]} Rxf2 {[%emt 0:02:02]} 17. h4 {[%emt 0:01:38]} h6 {[%emt 0:17:
05]} 18. h5 {[%emt 0:04:36]} Bh7 {[%emt 0:00:01]} 19. Qc4 {[%emt 0:05:00]} Qe7
{[%emt 0:03:04]} 20. Nb1 {[%emt 0:01:02]} Kh8 {[%emt 0:05:16]} 21. Rhf1 {
[%emt 0:04:13]} Rf3 {[%emt 0:01:44]} 22. Qxc6 {[%emt 0:01:41]} Qf7 {[%emt 0:09:
24]} 23. Qc4 {[%emt 0:02:06]} Rf8 {[%emt 0:00:44]} 24. Rg1 {[%emt 0:00:35]} Qe7
{[%emt 0:02:25]} 25. Rg2 {[%emt 0:04:43]} e5 {[%emt 0:03:20]} 26. g5 {[%emt 0:
03:55]} hxg5 {[%emt 0:01:51]} 27. Rdg1 {[%emt 0:00:22]} exd4 {[%emt 0:01:37]}
28. Qxd4 {[%emt 0:03:04]} Rf1+ {[%emt 0:07:43]} 29. Rxf1 {[%emt 0:01:15]} Rxf1+
{[%emt 0:00:00]} 30. Kc2 {[%emt 0:00:07]} Be5 {[%emt 0:05:08]} 31. Qc4 {
[%emt 0:00:39]} Rf3 {[%emt 0:01:46]} 32. Nc3 {[%emt 0:03:36]} Bg8 {[%emt 0:00:
26]} 33. Qb5 {[%emt 0:01:26]} Bf6 {[%emt 0:01:45]} 34. Kc1 {[%emt 0:02:07]} Qe6
{[%emt 0:02:20]} 35. Rg1 {[%emt 0:00:48]} g4 {[%emt 0:00:40]} 36. h6 {[%emt 0:
01:03]} gxh6 {[%emt 0:01:09]} 37. Qh5 {[%emt 0:00:09]} Bg5 {[%emt 0:00:46]} 38.
Rxg4 {[%emt 0:01:00]} Rf1+ {[%emt 0:00:14]} 39. Nd1 {[%emt 0:00:03]} Bf7 {
[%emt 0:03:20]} 40. Bc3+ {[%emt 0:00:01]} Kh7 {[%emt 0:00:01]} 41. Rxg5 {
[%emt 0:04:56]} Bxh5 {[%emt 0:05:46]} 42. Rg7+ {[%emt 0:00:07]} Kh8 {[%emt 0:
00:01]} 43. Rg6+ {[%emt 0:00:16]} Kh7 {[%emt 0:00:28]} 44. Rg7+ {[%emt 0:03:22]
} 1/2-1/2